00368nam a2200133 a 450000500170000000800410001702000180005805000260007610000200010224500520012226000390017430000090021365000120022220140412111247.0010328s19uu xx 00 eng d a0-590-35594-5 aTR(GS 372.4bWAL 1990 aWalling, Elaine aReading for information E /cby Elaine Walling. aNew York :bScholastic Inc,c1990. a32p. aReading